| 000 | 01132nam a22002297i 4500 | ||
|---|---|---|---|
| 999 |
_c23405 _d23405 |
||
| 003 | AR-CdUCM | ||
| 008 | 250910b20212021 pe||||| |||| 00| 0 eng d | ||
| 040 |
_aMUNICIPALIDAD PROVINCIAL DEL CUSCO _cBIBLIOTECA MUNICIPAL DEL CUSCO |
||
| 041 | _hspa | ||
| 082 |
_a158.1 / M865 _bM865 |
||
| 100 |
_aMormontoy, Cesar _951553 |
||
| 245 |
_aReto de 21 Días para ser Imparable : _bProgramación neurolingüística código clásico, código avanzado y nuevo código de PNL / |
||
| 260 |
_aLima : _bB Print SAC. _c2021 |
||
| 300 |
_a169 páginas. : _c20x15 cm. |
||
| 505 | _aVamos por tus metas -- Encuentra tus coordenadas actuales -- Convertir tus temores en sueños -- Comunicación persuasiva -- La magia de la alineación física -- Entendiendo los valores del corazón -- Apreciando el amor en el mundo para ti -- De las limitaciones a los recursos -- Creando una mente avanzada -- Que vello es es vivir - si lo notas | ||
| 650 |
_aTus metas _951566 |
||
| 650 |
_aÉxito Inevitable _951567 |
||
| 650 |
_aEmociones maravillosas _951568 |
||
| 650 |
_aValores de l corazón _951569 |
||
| 942 |
_2ddc _cLIBROS |
||
| 945 |
_apbjr _d10-09-2025 |
||